000 00382pab a2200157 454500
008 180718b2001 xxu||||| |||| 00| 0 eng d
100 _aMartin, Patricia Yancey
245 _aMoblizing masculinities:Women's experienc;e of men at work
260 _c2001
300 _ap.587-618
362 _aNov
650 _aWomen
650 _aMen
773 _aOrganization
909 _a51765
999 _c51765
_d51765